[Event "POR-ch U14"]
[Site "Luso"]
[Date "2016.07.24"]
[Round "7"]
[White "Monteiro, Paulo Alexandre G"]
[Black "Silva, Nuno Lynce"]
[Result "0-1"]
[WhiteElo "1421"]
[BlackElo "1313"]
[PlyCount "84"]
[EventDate "2016.07.20"]
[EventType "swiss"]
[EventRounds "7"]
[EventCountry "POR"]
[SourceTitle "EXT 2018"]
[Source "ChessBase"]
[SourceDate "2017.10.13"]
[SourceVersion "1"]
[SourceVersionDate "2017.10.13"]
[SourceQuality "1"]

1. d4 d5 2. c4 e6 3. Nc3 Nf6 4. Bg5 Nbd7 5. e3 Be7 6. cxd5 exd5 7. Nf3 0-0 8. Bd3 b6 9. Qe2 h6 10. Bh4 Bb7 11. 0-0 a6 12. a4 Rc8 13. Rfc1 c5 14. dxc5 Nxc5 15. Qd1 Nfe4 16. Bxe7 Qxe7 17. Nd4 Ne6 18. Nce2 Qf6 19. Qe1 N6g5 20. Nf4 Nc5 21. Bf5 Nge6 22. Nfe2 g6 23. Bc2 Nxd4 24. Nxd4 Ne6 25. Nxe6 fxe6 26. Rab1 Qg5 27. e4 d4 28. Bb3 Qf6 29. Rxc8 Rxc8 30. Qd2 Bxe4 31. Re1 Bf5 32. Qxh6 d3 33. Qd2 Kg7 34. Re3 Qg5 35. h4 Qxh4 36. Bxe6 Rc2 37. Qd1 Bxe6 38. g3 Qc4 39. Kh2 Rxf2+ 40. Kg1 Qc2 41. Qxc2 Rxc2 42. Rxe6 d2 0-1

[Event "POR-ch U14"]
[Site "Luso"]
[Date "2016.07.21"]
[Round "2"]
[White "Martins, Bruno Andre Leite"]
[Black "Silva, Nuno Lynce"]
[Result "1-0"]
[WhiteElo "1882"]
[BlackElo "1313"]
[PlyCount "87"]
[EventDate "2016.07.20"]
[EventType "swiss"]
[EventRounds "7"]
[EventCountry "POR"]
[SourceTitle "EXT 2018"]
[Source "ChessBase"]
[SourceDate "2017.10.13"]
[SourceVersion "1"]
[SourceVersionDate "2017.10.13"]
[SourceQuality "1"]

1. e4 e5 2. Nf3 Nc6 3. Bb5 Nf6 4. 0-0 d6 5. Re1 Bd7 6. c3 Ne7 7. Bxd7+ Qxd7 8. d4 Ng6 9. Nbd2 0-0-0 10. Nc4 Qc6 11. Qb3 Nd7 12. Ng5 Re8 13. Nxf7 Rg8 14. Ng5 Nf6 15. d5 Qa6 16. a4 c6 17. Na3 cxd5 18. exd5 Qd3 19. Rd1 Qe2 20. Qc4+ Qxc4 21. Nxc4 Nf4 22. Bxf4 exf4 23. Ne6 Kd7 24. Na3 g5 25. c4 Ne4 26. Re1 Nc5 27. Nxc5+ dxc5 28. Rxe8 Kxe8 29. Nb5 a6 30. Nc7+ Kd7 31. Ne6 Kd6 32. Re1 Bh6 33. Nxf4 gxf4 34. Re6+ Kd7 35. Rxh6 Rg7 36. g3 f3 37. Rf6 Rg4 38. Rf4 Rxf4 39. gxf4 Kd6 40. h4 h5 41. Kh2 b5 42. axb5 axb5 43. cxb5 Kxd5 44. f5 1-0